Centres of centralizers of unipotent elements in simple algebraic groups

Αποθηκεύτηκε σε:
Λεπτομέρειες βιβλιογραφικής εγγραφής
Κύριος συγγραφέας: Lawther, R. (Ross) 1960-
Άλλοι συγγραφείς: Testerman, Donna M. 1960-
Μορφή: Βιβλίο
Γλώσσα:English
Δημοσίευση: Providence, R.I. : American Mathematical Society, c2010.
Σειρά:Memoirs of the American Mathematical Society ; 988
Θέματα:
Ετικέτες: Προσθήκη ετικέτας
Δεν υπάρχουν, Καταχωρήστε ετικέτα πρώτοι!

MARC

LEADER 00000nam a2200000 a 4500
001 1/108056
008 150821t2010####riu| ||| |||| ||eng||
020 |a 9780821847695 
040 |a GR-MyUa  |b gre  |c GR-MyUa  |e AACR2 
041 0 |a eng 
082 7 |a 512.5   |2 (23)  
100 1 |a Lawther, R.   |q (Ross)   |d 1960- 
245 1 0 |a Centres of centralizers of unipotent elements in simple algebraic groups /   |c R. Lawther, D.M. Testerman.  
260 |a Providence, R.I. :   |b American Mathematical Society,   |c c2010.  
300 |a v, 188 σ. :   |b πιν. ;   |c 26 εκ.  
490 1 |a (Memoirs of the American Mathematical Society)   |v ; 988  
504 |a Βιβλιογραφία: σ. 187-188.  
650 0 |a Linear algebraic groups 
700 1 |a Testerman, Donna M.  |d 1960- 
830 0 |a Memoirs of the American Mathematical Society ;  |v 988 
852 |a INST  |b SAMOS  |e 20150821  |h 512.5 LAW  |p 005300042541  |q 005300042541  |t BK  |y 0 
922 |a 3ΕΛΗ  |b 201504  |c Τμήμα Μαθηματικών  |d Διαδρομές 
970 |a Κοσιέρης  |b Χρήστος  |z 21-08-2015